000 00852nam a2200229 a 4500
005 20151111160714.0
008 140224b1997 -Us||||| |||| 00| 0 eng d
040 _aCO-BoIAVH
_cCO-BoIAVH
041 _aeng
044 _axxu
082 0 4 _aLIB-333.91816
_bI37i
245 0 0 _aIncremental costs of wetland conservation:
_bcase studies in Asia and the Pacific
_cedited by Kenneth King and Wim Giesen
260 _aWashington:
_bWetlands Internacional,
_bGlobal Environmental Facility,
_c1997.
300 _a120 p.
_c24 cm.
650 1 6 _aConservación de humedales
650 2 6 _aHumedales
_xEconomía de los recursos
_xConservación
650 2 6 _aHumedales
_xConservación
650 2 6 _aBiodiversidad
_xConservación
700 1 _aKing, Kenneth
_eeditora
700 1 _aGiesen, Wim
_eeditor
942 _cLIBRO
_2ddc
999 _c1046
_d1046